LEADER 00877cam0-2200301---450- 001 990004240990403321 005 20141106154718.0 010 $a3-596-14071-4 035 $a000424099 035 $aFED01000424099 035 $a(Aleph)000424099FED01 035 $a000424099 100 $a19990604d1998----km-y0itay50------ba 101 0 $ager 102 $aDE 105 $a--------001ya 200 1 $aGesammelte Autobiographische Schriften$eFast ein Lebenslauf$fHilde Domin 210 $aFrankfurt am Main$cFischer Taschenbuch Verlag$d1998 215 $a352 p.$d19 cm 676 $a838.914 700 1$aDomin,$bHilde$f<1909-2006>$0167538 801 0$aIT$bUNINA$gRICA$2UNIMARC 901 $aBK 912 $a990004240990403321 952 $a838.914 DOMIN 3(1)$bBibl.37453$fFLFBC 959 $aFLFBC 996 $aGesammelte Autobiographische Schriften$9481341 997 $aUNINA LEADER 00904nam a2200253 i 4500 001 991000201989707536 005 20020506123408.0 008 000505s1977 it ||| | ita 035 $ab10668366-39ule_inst 035 $aEXGIL141286$9ExL 040 $aBiblioteca Interfacoltà$bita 082 0 $a943.68 100 1 $aBenussi, Bernardo$0219858 245 10$aStoria documentata di Rovigno /$cdi B. Benussi ; saggio introduttivo di Giulio Cervani 260 $aTrieste :$bLint,$c1977 300 $aXVIII, 378 p. ;$c24 cm 650 4$aRovigno$xStoria 700 1 $aCervani, Giulio 907 $a.b10668366$b02-04-14$c28-06-02 912 $a991000201989707536 945 $aLE002 St. XV D 24$g1$i2002000706997$lle002$o-$pE0.00$q-$rl$s- $t0$u0$v0$w0$x0$y.i10760830$z28-06-02 996 $aStoria documentata di Rovigno$9571822 997 $aUNISALENTO 998 $ale002$b01-01-00$cm$da $e-$fita$git $h0$i1